Statistiques concernant Villes des Régions d'Outre-Mer - Carte Quiz

Cliquez ici pour prendre le quiz!

Statistiques générales

  • Ce quiz a été pris 4 324 fois
  • Le résultat moyen est 7 sur 12

Réponses sur la Carte

Les réponses sont colorées sur une échelle allant du rouge au vert en fonction du pourcentage des utilisateurs qui les ont devinées à leur premier essai. Vous pouvez retrouver ces pourcentages ci-dessous.
 

Statistiques - réponses

Réponse% Correct
Cayenne
81%
Saint-Denis
74%
Basse-Terre
72%
Fort-de-France
68%
Mamoudzou
59%
Pointe-à-Pitre
59%
Dzaoudzi
52%
Maripasoula
48%
Saint-Laurent-du-Maroni
46%
Le Tampon
43%
Le Lamentin
40%
Saint-Paul
37%

Distribution des résultats

Percentile par nombre de réponses

% des personnes avec chaque résultat

Votre développement - résultats

Vous n’avez pas pris ce quiz